000 00548nam a2200193Ia 4500
005 20250508164433.0
008 008 250505s9999 xx 000 0 hin d
037 _aTextBook
040 _aFEDL
_beng
_cFEDL
041 _ahin
_2eng
084 _a371.2, RAJ/R
_qFEDL
100 _aRajender Kumar and others
_9778156
245 0 _aVidyalay sangathan
260 _aMeerut, India
_b International Publishing House
_c2007
300 _a106p
650 _aSchool organization
942 _cTB
_h371.2, RAJ/R
999 _c1389130
_d1389130